| 000 | 00659cam a22002295a 4500 | ||
|---|---|---|---|
| 001 | L159688 | ||
| 008 | 150226s2016 xxk f 000 0 eng d | ||
| 035 | _a(Sirsi) u159688 | ||
| 041 | 0 | _aeng | |
| 100 | 1 | _aArthur, Charles | |
| 245 | 0 | 0 | _aRobots are coming... look busy |
| 260 | _c2016 | ||
| 490 |
_aModus _vDecember 2016 - January 2017, 14-20 (7) |
||
| 520 | _aHighlights how rapid advances in AI affect and will affect surveying and other jobs in near future. | ||
| 590 | _aKA | ||
| 650 | 2 | 4 | _aARTIFICIAL INTELLIGENCE |
| 650 | 2 | 4 | _aTECHNOLOGICAL REVOLUTION |
| 650 | 2 | 4 | _aPROPERTY TECHNOLOGY |
| 650 | 2 | 4 | _aTECHNOLOGY |
| 690 | _aIT | ||
| 942 | _n0 | ||
| 999 |
_c84913 _d84913 |
||